Miasta które otrzymały Prawa Miejskie 1 Stycznia 2023 w Polsce - Statystyki

Ogólne statystyki
  • Ten quiz został rozwiązany 16 razy
  • Średni wynik to 6 z 15
Statystyki odpowiedzi
Lp Miejscowość % Poprawnych
1 Bodzanów
56%
4 Jadów
56%
5 Jastrząb
56%
6 Jeżów
56%
3 Dąbrowice
44%
7 Książ Wielki
44%
11 Miękinia
44%
2 Czarny Dunajec
33%
8 Latowicz
33%
9 Łopuszno
33%
10 Miasteczko Krajeńskie
33%
12 Piekoszów
33%
13 Rozprza
33%
14 Ujazd
22%
15 Włodowice
11%
Nie znaleziono quizów pasujących do podanych kryteriów
Rozkład punktacji
Procent ludzi z każdym wynikiem
Percentyl według liczby udzielonych odpowiedzi
Twoja historia wyników
Nie rozwiązałeś tego quizu